00582nam a22002057a 450000500170000001000130001702000230003003500130005303700160006604000120008208200150009410000180010924500770012726000370020427000470024130000300028865000160031865000210033470000210035520170124110055.0 aB-126769 c140.00a8182960193 aB-126769 bCen Lib/Ret aDPLbEN a658.8bMIT aMittal, V. K. aAdvertising and sales management /cby V. K. Mittal [and] Shailja Mittal aNew DelhibArya Publishingc2005 bNew Delhia30, Naiwala, Karol Baghe110005 avarious pagingsc24cm(Hb) aAdvertising aSales management aMittal, Shailja